عرض عادي
عرض مارك
- عزام، عبد الوهاب
دخول Personal Name
001 - CONTROL NUMBER
- control field: 30023
003 - CONTROL NUMBER IDENTIFIER
- control field: AE-AdECS
005 - DATE AND TIME OF LATEST TRANSACTION
- control field: 20260520080035.0
008 - FIXED-LENGTH DATA ELEMENTS
- fixed length control field: 260520|| aca||aabn | a|a d
040 ## - CATALOGING SOURCE
- Original cataloging agency: AE-AdECS
- Transcribing agency: AE-AdECS
100 ## - HEADING--PERSONAL NAME
- Personal name: عزام، عبد الوهاب
670 ## - SOURCE DATA FOUND
- Source citation: Work cat.: (AE-AdECS)295172: عزام، عبد الوهاب مؤلف., التصوف وفريد الدين العطار /
